000 00697nam a2200181 4500
001 148233
003 ES-MaACL
005 20230906202516.0
007 t|
008 070214s1971 sp r ||||1| spa d
245 0 3 _aEl capitalismo
_b: de Manchester a Wall Street : textos, ilustraciones y documentos /
_ceditados por Diether Stolze y Michael Jungblut ; [versión española de Joaquín Adsuar Ortega].
260 _aBarcelona :
_bLuis de Caralt,
_c[1971] (
_eAndorra :
_fCasall i Vall)
300 _a382 p. :
_bil. ;
_c25 cm.
700 1 _aJungblut, Michael.
_967291
700 1 _aAdsuar Ortega, Joaquín.
_918492
700 1 _aStolze, Diether.
_9108300
852 _aES-MaACL
_jC-42687
_bR.81453
999 _c148233
_d148233